000 00359nam a2200157Ia 4500
008 160316s1988 xxu||||| |||| 00| 0 eng d
082 _a346.017000
_bSAN
100 _aSanat Kr.Sinha
245 _aThe unforgotten story
250 _a
260 _a
_bApathy at Large
_c1988
300 _a79
_b
_c
365 _b
650 _a1. Child Rights
700 _a
_a
999 _c34389
_d34389